Obrábanie - výrobná technika 2000 : Medzinárodná vedecká konferencia pre doktorandov, školiteľov a pracovníkov z praxe /

Guardado en:
Detalles Bibliográficos
Formato: Libro
Publicado: Žilina : Žilinská univerzita, 2000
Materias:
Etiquetas: Agregar Etiqueta
Sin Etiquetas, Sea el primero en etiquetar este registro!

MARC

LEADER 00000nam a22000003a 4500
001 stu55261
005 20150408162018.5
008 001012s2000----xo----------------------d
020 |a 80-7100-769-2 
040 |a STU  |b slo 
041 0
044 |a xo 
080 |a 621.9(082) 
245 |a Obrábanie - výrobná technika 2000 :  |b Medzinárodná vedecká konferencia pre doktorandov, školiteľov a pracovníkov z praxe /  |c Súľov, 3.-4. októbra 2000 
260 |a Žilina :  |b Žilinská univerzita,  |c 2000 
300 |a 169 s 
650 7 |a Obrábanie-techniky výrobné  |2 stusub 
996 |b 284M023236  |c M*Z-1749  |l MMKN  |s A  |a 24  |w stu55261_0001 
996 |b 284M028635  |c M*Z-1696  |l MMKN  |s A  |a 24  |w stu55261_0002